Online katalóg knižníc regiónu Turca

Dolores (Record no. 20865)

MARC details
000 -LEADER
fixed length control field 01690cam a2200469 a 4500
001 - CONTROL NUMBER
control field 20865
003 - CONTROL NUMBER IDENTIFIER
control field VRT
005 - DATE AND TIME OF LATEST TRANSACTION
control field 20260206110553.0
008 - FIXED-LENGTH DATA ELEMENTS--GENERAL INFORMATION
fixed length control field 240226s1993 xo gr 010 f slo
015 ## - NATIONAL BIBLIOGRAPHY NUMBER
National bibliography number SNBA1994/01
020 ## - INTERNATIONAL STANDARD BOOK NUMBER
International Standard Book Number 807094241X
Qualifying information (viazané)
035 ## - SYSTEM CONTROL NUMBER
System control number SNK000016471
039 #9 - LEVEL OF BIBLIOGRAPHIC CONTROL AND CODING DETAIL [OBSOLETE]
Level of rules in bibliographic description 202407310743
Level of effort used to assign nonsubject heading access points AUTHORITY
Level of effort used to assign subject headings 202407310734
Level of effort used to assign classification AUTHORITY
Level of effort used to assign subject headings 202407310722
Level of effort used to assign classification msnk181
Level of effort used to assign subject headings 202402261651
Level of effort used to assign classification VLOAD
040 ## - CATALOGING SOURCE
Original cataloging agency SNK
Language of cataloging slo
Transcribing agency SNK
Description conventions AACR2
041 1# - LANGUAGE CODE
Language code of text/sound track or separate title slo
Language code of original eng
044 ## - COUNTRY OF PUBLISHING/PRODUCING ENTITY CODE
MARC country code xo
ISO country code SK
072 #7 - SUBJECT CATEGORY CODE
Subject category code 821.111(73)-3
Subject category code subdivision Americká próza
Source konspekt
080 ## - UNIVERSAL DECIMAL CLASSIFICATION NUMBER
Universal Decimal Classification number 820 (73)-3
Edition identifier 1981
080 ## - UNIVERSAL DECIMAL CLASSIFICATION NUMBER
Universal Decimal Classification number 821.111(73)-31
Edition identifier 2011
080 ## - UNIVERSAL DECIMAL CLASSIFICATION NUMBER
Universal Decimal Classification number 821-311.1
Edition identifier 2011
100 1# - MAIN ENTRY--PERSONAL NAME
Personal name King, Stephen,
Dates associated with a name 1947-
Relationship aut
240 10 - UNIFORM TITLE
Uniform title Dolores
Language of a work Slovensky
245 10 - TITLE STATEMENT
Title Dolores
Statement of responsibility, etc. Stephen King ; preklad Viera Vilhanová ; návrh prebalu a polepu Mária Poláková
250 ## - EDITION STATEMENT
Edition statement 1. vydanie
260 ## - PUBLICATION, DISTRIBUTION, ETC.
Place of publication, distribution, etc. Bratislava
Name of publisher, distributor, etc. Práca, spol. s r.o.
Date of publication, distribution, etc. 1993
Place of manufacture Trnava
Manufacturer Polygrafické závody
300 ## - PHYSICAL DESCRIPTION
Extent 299 strán
Dimensions 21 cm
490 1# - SERIES STATEMENT
Series statement Triumf
Volume/sequential designation zv. 11/93
655 #7 - INDEX TERM--GENRE/FORM
Genre/form data or focus term americké romány
Source of term SNKPH
655 #7 - INDEX TERM--GENRE/FORM
Genre/form data or focus term psychologické romány
Source of term SNKPH
655 #7 - INDEX TERM--GENRE/FORM
Genre/form data or focus term American novels
Source of term SNKPHeng
655 #7 - INDEX TERM--GENRE/FORM
Genre/form data or focus term Psychological novels
Source of term SNKPHeng
700 1# - ADDED ENTRY--PERSONAL NAME
Personal name Pawliková-Vilhanová, Viera,
Dates associated with a name 1944-2019
Relationship trl
700 1# - ADDED ENTRY--PERSONAL NAME
Personal name Poláková, Mária
Titles and other words associated with a name (grafička)
Relationship bjd
830 #0 - SERIES ADDED ENTRY--UNIFORM TITLE
Uniform title Triumf
942 ## - ADDED ENTRY ELEMENTS (KOHA)
Source of classification or shelving scheme Dewey Decimal Classification
Koha item type Krásna literatúra pre dospelých
Suppress in OPAC No
949 ## - LOCAL PROCESSING INFORMATION (OCLC)
6 270001000035692
a svkbbA 84995
b svkbbm 581996
949 ## - LOCAL PROCESSING INFORMATION (OCLC)
6 17A0194985
a snkSC 84895 D1
949 ## - LOCAL PROCESSING INFORMATION (OCLC)
6 17A0220441
a snkSC 84895
b snkKSP 65/94
s 6100:20221206
949 ## - LOCAL PROCESSING INFORMATION (OCLC)
6 3869A07488
a bpksh821.111(73)-31
b bpksh55549
949 ## - LOCAL PROCESSING INFORMATION (OCLC)
6 273K0197390
a svkpoA 161791
b svkpo398877
o PV 1653/94
Holdings
Stav vyradenia Strata Poškodenie Spôsob nadobudnutia Domovská knižnica Aktuálna knižnica Dátum nadobudnutia Total checkouts Čiarový kód exemplára Date last seen Typ exemplára
      Dar Obecná knižnica Horná Štubňa Obecná knižnica Horná Štubňa 06.02.2026   4736200996 06.02.2026 Krásna literatúra pre dospelých
Projekt je podporený Slovenskou asociáciou knižníc
Prevádzkuje Turčianska knižnica Martin 2026